Piłkarze FC Liverpool - nagła śmierć - Statystyki

Ogólne statystyki
  • Ten quiz został rozwiązany 675 razy
  • Średni wynik to 18 z 26
Answers on the Grid
Answers color-coded by a green-red scale on the quiz's grid according to % correct below.
Xabi Alonso
Steven Gerrard
Kevin De Bruyne
Cesc Fàbregas
Cristiano Ronaldo
Wayne Rooney
Mohamed Salah
Fernando Torres
James Rodríguez
Jamie Carragher
Frank Lampard
Trent Alexander-Arnold
Thierry Henry
Michael Owen
Mesut Özil
Diego Forlán
Virgil van Dijk
Nemanja Vidić
Luis Díaz
Petr Čech
Federico Chiesa
Alexis Sánchez
Juan Mata
Cody Gakpo
Łukasz Fabiański
Dominik Szoboszlai
Philippe Coutinho
Robin van Persie
Sadio Mané
Ian Rush
Ashley Cole
Jordan Henderson
John Terry
Georginio Wijnaldum
David Villa
Pepe Reina
Luis Suárez
Carles Puyol
Jerzy Dudek
Alexandre Lacazette
Roberto Firmino
Lukas Podolski
Christian Eriksen
Dirk Kuyt
Yaya Touré
John Arne Riise
N’Golo Kanté
Peter Crouch
Milan Baroš
Miroslav Radović
Javier Mascherano
Harry Kane
 
Statystyki odpowiedzi
Odpowiedź % Poprawnych
Steven Gerrard
95%
Xabi Alonso
88%
Mohamed Salah
86%
Trent Alexander-Arnold
80%
Fernando Torres
75%
Virgil van Dijk
74%
Cody Gakpo
73%
Jamie Carragher
73%
Luis Díaz
73%
Dominik Szoboszlai
72%
Philippe Coutinho
72%
Sadio Mané
71%
Federico Chiesa
69%
Jerzy Dudek
69%
Georginio Wijnaldum
68%
Jordan Henderson
68%
Michael Owen
68%
Roberto Firmino
67%
Luis Suárez
65%
Ian Rush
61%
Pepe Reina
59%
Dirk Kuyt
55%
Peter Crouch
54%
John Arne Riise
53%
Milan Baroš
47%
Javier Mascherano
46%
Nie znaleziono quizów pasujących do podanych kryteriów
Rozkład punktacji
Procent ludzi z każdym wynikiem
Percentyl według liczby udzielonych odpowiedzi
Twoja historia wyników
Nie rozwiązałeś tego quizu